000 00467nam a22001337a 4500
082 _a823
_bDAD/N
100 _aDEBBIE DADEY, MARCIA THORNTON JONES
245 _aNINJAS DONT BAKE PUMPKIN PIES
260 _aUSA
_bSCHOLASTIC INC
_c1999
300 _a70
520 _aCould it be that the new baker, who makes the best pumpkin pies in town, is really a ninja who wants to steal some valuable Japanese art?
650 _aTHE ADVENTURES OF THE BAILEY SCHOOL KIDS
942 _cBK
999 _c451
_d451